Funniest Things Ever Recorded - Statistics

General Stats
  • This quiz has been taken 5 times
  • The average score is 7 of 17
Answer Stats
Hint Answer % Correct
a amongus
67%
b bluey
67%
c chungus
67%
p pibby
67%
b, f bowser fart
33%
c canny
33%
f, f freddy fazbear
33%
g, s ghetto smosh
33%
j, j jumbo josh
33%
k kino
33%
o ohio
33%
p peppino
33%
p, r pickle rick
33%
r, g reddit gold
33%
s, m ,g 4 smg4
33%
s, r so retro
33%
s, t skibidi toilet
0%
No matching quizzes found
Score Distribution
Percent of People with Each Score
Percentile by Number Answered
Your Score History
You have not taken this quiz